02205nam a2200349Ia 450000500170000000800410001702000150005808200190007310000480009224501160014025000180025630000760027450505690035065000390091965100500095865100340100865100440104265100600108665100520114665100340119870000410123294200130127326400260128633600270131233700330133933800280137204000350140099900150143595201370145095201330158795201350172020220317000800.0160601s2005 ck g 000 0 spa  a958048561504aR 918.61bM22d1 aMedellín Becerra, Jorge Alejandro,d1963-10aDiccionario de ColombiacJorge Alejandro Medellín Becerra, Diana Fajardo Rivera ; editora Diana M. Romero F. a1a. edición axiv, 1074 páginasbilustraciones, fotografías, mapasc27 cmeCD-ROM aEl CD-ROM presenta un sistema de búsqueda por medio del cual se clasifican las 11.300 voces desarrolladas en el diccionario en 228 listados temáticos agrupados en cuatro grandes áreas temáticas : Gente, Naturaleza, Sociedad y Cultura. Incluye también un cuadro de normatividad en el cual se relacionan las normas que han sustentado la creación y desarrollo de todas las entidades públicas incluidas en la obra y, la bibliografía, organizada igualmente por áreas del conocimiento, que se utilizó como fuente para la elaboración del diccionario142LEMBaEnciclopedias y diccionarios 4aColombiaxDescripción y Diccionarios954836 4aColombiavDiccionarios954837 4aColombiavDiccionariosxHistoria954838 4aColombiavDiccionariosxVida social y costumbres954839 4aColombiavDiccionariosxVida intelectual954840 4aColombiavDiccionarios9548411 aFajardo Rivera, Diana,d1964-954842 2ddccREF aBogotábNormac2005 atextobtxt2rdacontent asin mediaciónbn2rdamedia avolumenbnc2rdacarrier aCO-BoRNBPbspaerdacCO-BoRNBP c5038d5038 00102ddc40708006aMEMAPIRIbMEMAPIRIcREFd2024-01-12l0oR 918,61 M22dpMAP00001322r2024-01-12 16:39:12tEj.1w2024-01-12yREF 00102ddc40708REGaMESGUARObMESGUAROcGENd2025-07-16l0oR 918.61 M22dpSG03807r2025-07-16 16:12:08tEj.1w2025-07-16yREF 00102lcc40708GENaMEPCONCObMEPCONCOcGENd2025-12-19l0oR 918.61 M22dpPCON00146r2025-12-19 21:07:35tEj.1w2025-12-19yREF